[Event "XV Festival A"]
[Site "Porto San Giorgio ITA"]
[Date "2003.08.21"]
[Round "1"]
[White "Aleksic, Nenad"]
[Black "Natoli, Domenico"]
[Result "1-0"]
[WhiteElo "2292"]
[BlackElo "1962"]
[PlyCount "55"]
[EventDate "2003.08.21"]

1. e4 c5 2. Nf3 d6 3. d4 cxd4 4. Nxd4 Nf6 5. Nc3 a6 6. g3 e5 7. Nde2 Be7 8. Bg2
O-O 9. a4 Nc6 10. h3 Be6 11. g4 Nb4 12. Nd5 Nbxd5 13. exd5 Bd7 14. a5 b5 15.
axb6 Qxb6 16. O-O Rfc8 17. Nc3 g6 18. Ra3 Rc4 19. Be3 Qd8 20. Qd3 Qc8 21. f4 e4
22. Qd2 Rb8 23. Rb3 Rxb3 24. cxb3 Rb4 25. Bd4 Rxb3 26. f5 Qd8 27. fxg6 hxg6 28.
Qf4 1-0

[Event "XV Festival A"]
[Site "Porto San Giorgio ITA"]
[Date "2003.08.21"]
[Round "1"]
[White "Allegranti, Luca"]
[Black "Naumkin, Igor"]
[Result "0-1"]
[WhiteElo "1984"]
[BlackElo "2406"]
[PlyCount "90"]
[EventDate "2003.08.21"]

1. d4 e6 2. Nf3 Nf6 3. e3 b6 4. Nbd2 Bb7 5. Bd3 c5 6. c3 Nc6 7. O-O Be7 8. Qe2
cxd4 9. exd4 O-O 10. Re1 a6 11. Ne5 b5 12. a3 d6 13. Nxc6 Bxc6 14. Ne4 Bxe4 15.
Bxe4 Nxe4 16. Qxe4 d5 17. Qg4 a5 18. Bh6 Bf6 19. h4 Kh8 20. Bg5 h6 21. f4 Rc8
22. Bxf6 Qxf6 23. Re5 b4 24. axb4 axb4 25. f5 bxc3 26. bxc3 exf5 27. Qf3 Qxh4
28. Rxd5 Rfe8 29. Rf1 g6 30. Rd7 Kg7 31. Qb7 Qf6 32. Qf3 Qe6 33. Rb7 Qe3+ 34.
Qxe3 Rxe3 35. Ra1 Rexc3 36. Raa7 Rf8 37. d5 Rd3 38. Rd7 Rd2 39. Kf1 Kf6 40.
Ra6+ Kg5 41. Ra3 Rb8 42. Kg1 Rbb2 43. Rxf7 Rxg2+ 44. Kh1 Rh2+ 45. Kg1 Rhd2 0-1

[Event "XV Festival A"]
[Site "Porto San Giorgio ITA"]
[Date "2003.08.21"]
[Round "1"]
[White "Bondielli, Giorgio"]
[Black "Roeder, Matthias"]
[Result "0-1"]
[WhiteElo "2019"]
[BlackElo "2451"]
[PlyCount "52"]
[EventDate "2003.08.21"]

1. e4 c5 2. d4 cxd4 3. c3 Nf6 4. e5 Nd5 5. Bc4 Qc7 6. Qe2 Nb6 7. Bb3 d3 8. Qxd3
Qxe5+ 9. Be3 e6 10. Ne2 Na6 11. O-O Nc5 12. Bxc5 Bxc5 13. Nd2 d5 14. Nf3 Qf6
15. Ng3 O-O 16. Bc2 g6 17. Rae1 Bd6 18. h3 Rd8 19. Qe2 Bd7 20. Ne5 Bxe5 21.
Qxe5 Qxe5 22. Rxe5 Nc4 23. Re2 Nxb2 24. Rb1 Nc4 25. Rxb7 Nd6 26. Rb1 Rac8 0-1

[Event "XV Festival A"]
[Site "Porto San Giorgio ITA"]
[Date "2003.08.21"]
[Round "1"]
[White "Bridger, Michael J."]
[Black "Chatalbashev, Boris"]
[Result "0-1"]
[WhiteElo "2063"]
[BlackElo "2509"]
[PlyCount "82"]
[EventDate "2003.08.21"]

1. Nf3 g6 2. g3 Bg7 3. Bg2 e5 4. d3 d5 5. O-O Ne7 6. e4 d4 7. c3 c5 8. cxd4
cxd4 9. Na3 Nbc6 10. Ne1 O-O 11. f4 f5 12. Nc4 fxe4 13. dxe4 exf4 14. gxf4 Be6
15. Na3 Qd7 16. Nd3 b6 17. b3 Bg4 18. Qd2 Rae8 19. Bb2 Bh3 20. Rae1 Kh8 21. Nc4
Bxg2 22. Qxg2 Qe6 23. Nd2 Qc8 24. Nc4 Rd8 25. Ba3 b5 26. Nd2 Qa6 27. Bb2 Rc8
28. Rc1 Qb6 29. Kh1 a5 30. Nc5 Nb8 31. Nd3 Nd7 32. Qh3 Nf6 33. Rxc8 Rxc8 34.
Ne5 Rc2 35. Rc1 Rxc1+ 36. Bxc1 Qc5 37. Qf1 Qc2 38. Nd3 Ng4 39. Kg1 Ne3 40. Qe2
Nc6 41. Ba3 Qxa2 0-1

[Event "XV Festival A"]
[Site "Porto San Giorgio ITA"]
[Date "2003.08.21"]
[Round "1"]
[White "Calandri, Fausto"]
[Black "Burmakin, Vladimir"]
[Result "0-1"]
[WhiteElo "2115"]
[BlackElo "2575"]
[PlyCount "60"]
[EventDate "2003.08.21"]

1. e4 c6 2. d4 d5 3. Nd2 dxe4 4. Nxe4 Bf5 5. Ng3 Bg6 6. Nf3 Nd7 7. h4 h6 8. h5
Bh7 9. Bd3 Bxd3 10. Qxd3 e6 11. Bd2 Qc7 12. O-O-O O-O-O 13. Kb1 Ngf6 14. Ne4
Nxe4 15. Qxe4 Nf6 16. Qe2 Bd6 17. g3 Rhe8 18. c4 c5 19. Bc3 cxd4 20. Nxd4 a6
21. Nc2 Qc6 22. Rh4 Bc7 23. Re1 Rd7 24. Nb4 Qc5 25. Qf3 Red8 26. Nxa6 bxa6 27.
Qa8+ Bb8 28. Qxa6+ Rb7 29. b4 Qxf2 30. c5 Nd5 0-1

[Event "XV Festival A"]
[Site "Porto San Giorgio ITA"]
[Date "2003.08.21"]
[Round "1"]
[White "Delchev, Aleksander"]
[Black "Suppa, Ercole"]
[Result "1-0"]
[WhiteElo "2572"]
[BlackElo "2114"]
[PlyCount "37"]
[EventDate "2003.08.21"]

1. e4 e6 2. d4 d5 3. Nd2 dxe4 4. Nxe4 Nf6 5. Nxf6+ Qxf6 6. Nf3 Qd8 7. Bd3 Be7
8. Qe2 c5 9. dxc5 Qa5+ 10. Bd2 Qxc5 11. Bc3 Bf6 12. Bxf6 gxf6 13. O-O-O Bd7 14.
Nd2 Bc6 15. Be4 Qg5 16. h4 Qa5 17. Rh3 f5 18. Nc4 Qc5 19. Nd6+ 1-0

[Event "XV Festival A"]
[Site "Porto San Giorgio ITA"]
[Date "2003.08.21"]
[Round "1"]
[White "Djingarova, Emilia"]
[Black "Mastrorilli, Nicola"]
[Result "1/2-1/2"]
[WhiteElo "2300"]
[BlackElo "1896"]
[PlyCount "103"]
[EventDate "2003.08.21"]

1. e4 c5 2. Nf3 g6 3. d4 Bg7 4. d5 d6 5. Bd3 Nf6 6. Nc3 a6 7. a4 Qc7 8. Nd2 O-O
9. O-O e6 10. Nc4 Nbd7 11. f4 exd5 12. exd5 Rb8 13. Ne3 Re8 14. Qf3 b6 15. Bd2
Bb7 16. Rae1 Re7 17. Nc4 Rbe8 18. Rxe7 Rxe7 19. Re1 Rxe1+ 20. Bxe1 Ne8 21. Qe2
Qd8 22. Kh1 Kf8 23. Ne3 Qe7 24. Ncd1 Nc7 25. c4 b5 26. axb5 axb5 27. cxb5 Nxd5
28. Nxd5 Qxe2 29. Bxe2 Bxd5 30. Ba5 Bd4 31. Bc7 Ke7 32. Nc3 Bxc3 33. bxc3 c4
34. Kg1 Nc5 35. Bb6 Kd7 36. Kf1 Kc8 37. g3 Kb7 38. Ba5 Nb3 39. Bd8 Nd2+ 40. Ke1
Ne4 41. Ba5 Nc5 42. Kf2 Nb3 43. Bd8 Kc8 44. Be7 Kd7 45. Bf6 Ke6 46. Bd8 Kd7 47.
Bb6 Nc1 48. Bf1 f5 49. Ke3 Nb3 50. h3 Be6 51. Bg2 d5 52. Bf3 1/2-1/2

[Event "XV Festival A"]
[Site "Porto San Giorgio ITA"]
[Date "2003.08.21"]
[Round "1"]
[White "Glek, Igor V."]
[Black "Melotti, Dario"]
[Result "1-0"]
[WhiteElo "2566"]
[BlackElo "2086"]
[PlyCount "31"]
[EventDate "2003.08.21"]

1. e4 c5 2. Nf3 d6 3. d4 cxd4 4. Nxd4 Nf6 5. Nc3 a6 6. a4 b6 7. g3 g6 8. Bg2
Ra7 9. O-O Bg7 10. h3 Bd7 11. Be3 Qc8 12. g4 h6 13. f4 Rb7 14. e5 dxe5 15. fxe5
Nh7 16. Qf3 1-0

[Event "XV Festival A"]
[Site "Porto San Giorgio ITA"]
[Date "2003.08.21"]
[Round "1"]
[White "Hillman, Jamie O."]
[Black "Farago, Ivan"]
[Result "0-1"]
[WhiteElo "2035"]
[BlackElo "2465"]
[PlyCount "80"]
[EventDate "2003.08.21"]

1. e4 c5 2. Nf3 e6 3. d4 cxd4 4. Nxd4 a6 5. Nc3 Qc7 6. Be3 Bb4 7. Nde2 Nf6 8.
a3 Be7 9. f3 b5 10. Nd4 Bb7 11. Bd3 Nc6 12. Qd2 Ne5 13. O-O O-O 14. Nde2 Rac8
15. b4 d5 16. exd5 Nxd3 17. cxd3 Bxd5 18. Nxd5 Nxd5 19. Rac1 Qd7 20. Bd4 h6 21.
Rxc8 Rxc8 22. Rc1 Rd8 23. g3 Bg5 24. f4 Bf6 25. Bxf6 Nxf6 26. d4 Nd5 27. Kf2
Nb6 28. Rc5 Qb7 29. Qc1 Nc4 30. h4 Nd6 31. Rc6 Nf5 32. Qc3 Nxd4 33. Nxd4 Rxd4
34. Rc8+ Kh7 35. Qc2+ f5 36. Rc6 Qd7 37. Qc3 Rd2+ 38. Ke1 Rd3 39. Rc7 Rxc3 40.
Rxd7 Rxg3 0-1

[Event "XV Festival A"]
[Site "Porto San Giorgio ITA"]
[Date "2003.08.21"]
[Round "1"]
[White "Maccario, Mauro"]
[Black "Laketic, Gojko"]
[Result "1/2-1/2"]
[WhiteElo "1962"]
[BlackElo "2393"]
[PlyCount "36"]
[EventDate "2003.08.21"]

1. c4 c6 2. Nf3 d5 3. b3 Bg4 4. g3 Bxf3 5. exf3 e6 6. Bb2 Nf6 7. Bg2 Be7 8. O-O
O-O 9. Re1 a5 10. d4 a4 11. Nd2 Bb4 12. Rc1 axb3 13. axb3 Ra2 14. Bc3 Bxc3 15.
Rxc3 dxc4 16. Nxc4 Na6 17. f4 Nc7 18. Rd3 Nb5 1/2-1/2

[Event "XV Festival A"]
[Site "Porto San Giorgio ITA"]
[Date "2003.08.21"]
[Round "1"]
[White "Mrdja, Milan"]
[Black "Ragnoni, Alessandro"]
[Result "1-0"]
[WhiteElo "2384"]
[BlackElo "1900"]
[PlyCount "69"]
[EventDate "2003.08.21"]

1. e4 c5 2. Nf3 d6 3. d4 cxd4 4. Nxd4 Nf6 5. f3 Nc6 6. c4 e6 7. Nc3 Be7 8. Be3
a6 9. Be2 Qc7 10. Rc1 O-O 11. O-O Bd7 12. Nd5 Qd8 13. Nxe7+ Qxe7 14. Qd2 Rfd8
15. Rfd1 Be8 16. g4 Nxd4 17. Bxd4 Bc6 18. Bb6 Rd7 19. Qe3 a5 20. b3 Ne8 21. Rd2
f6 22. a3 d5 23. exd5 Qxa3 24. Rb1 Qd6 25. Rbd1 exd5 26. cxd5 Re7 27. Qf2 Bxd5
28. Bc5 Rxe2 29. Rxe2 Qc6 30. Re3 Nc7 31. Red3 a4 32. bxa4 Rxa4 33. Bb6 Na8 34.
Rxd5 Nxb6 35. Rd6 1-0

[Event "XV Festival A"]
[Site "Porto San Giorgio ITA"]
[Date "2003.08.21"]
[Round "1"]
[White "Pepe, Mario"]
[Black "Orlov, Andrey"]
[Result "0-1"]
[WhiteElo "1902"]
[BlackElo "2391"]
[PlyCount "42"]
[EventDate "2003.08.21"]

1. e4 Nc6 2. d4 e5 3. d5 Nce7 4. Nc3 Ng6 5. Nf3 Nf6 6. Bd3 Bb4 7. O-O O-O 8.
Ne2 d6 9. h3 Nh5 10. a3 Bc5 11. b4 Bb6 12. Bg5 Qe8 13. a4 a5 14. Bb5 Bd7 15.
Bxd7 Qxd7 16. c3 f5 17. exf5 Rxf5 18. Be3 Rxf3 19. Bxb6 cxb6 20. Nc1 Raf8 21.
Qe2 R3f5 0-1

[Event "XV Festival A"]
[Site "Porto San Giorgio ITA"]
[Date "2003.08.21"]
[Round "1"]
[White "Rinaudo, Andrea"]
[Black "Trent, Lawrence"]
[Result "0-1"]
[WhiteElo "1882"]
[BlackElo "2299"]
[PlyCount "72"]
[EventDate "2003.08.21"]

1. e4 e5 2. Nf3 Nc6 3. Nc3 Nf6 4. Bb5 Bc5 5. O-O O-O 6. Nxe5 Nxe5 7. d4 Bd6 8.
f4 Nc6 9. e5 Be7 10. exf6 Bxf6 11. d5 Nb4 12. Ne4 c6 13. Nxf6+ Qxf6 14. Bc4 b5
15. Bb3 Nxd5 16. Bxd5 cxd5 17. Qxd5 Qb6+ 18. Kh1 Bb7 19. Qd3 Rfe8 20. Bd2 Be4
21. Qg3 Bxc2 22. Bc3 f6 23. Rfe1 b4 24. Rxe8+ Rxe8 25. Re1 Be4 26. Bd2 d5 27.
h3 Qd4 28. Bc1 Rc8 29. h4 Rc2 30. Rg1 Qc4 31. Be3 Rxb2 32. Bxa7 Rxa2 33. f5 h6
34. h5 Ra3 35. Be3 d4 36. Rc1 Qxc1+ 0-1

[Event "XV Festival A"]
[Site "Porto San Giorgio ITA"]
[Date "2003.08.21"]
[Round "1"]
[White "Saccona, Silvano"]
[Black "Georgiev, Vladimir"]
[Result "0-1"]
[WhiteElo "2098"]
[BlackElo "2566"]
[PlyCount "38"]
[EventDate "2003.08.21"]

1. e4 d6 2. d4 Nf6 3. Bd3 e5 4. c3 d5 5. dxe5 Nxe4 6. Nf3 Nc6 7. Qe2 Nc5 8. Bb5
Be7 9. O-O O-O 10. Nd4 Nxd4 11. cxd4 Ne6 12. Be3 c5 13. f4 cxd4 14. Bc1 f5 15.
exf6 Bxf6 16. Bd3 Nc5 17. Rd1 Re8 18. Qf3 Nxd3 19. Qxd3 Bg4 0-1

[Event "XV Festival A"]
[Site "Porto San Giorgio ITA"]
[Date "2003.08.21"]
[Round "1"]
[White "Traversi, Carlo"]
[Black "Cocchi, Andrea"]
[Result "0-1"]
[WhiteElo "1875"]
[BlackElo "2292"]
[PlyCount "80"]
[EventDate "2003.08.21"]

1. e4 c5 2. g3 Nc6 3. Bg2 g6 4. Ne2 Bg7 5. O-O d6 6. Nbc3 e6 7. d3 Nge7 8. Bf4
h6 9. Rb1 O-O 10. Kh1 Rb8 11. a4 a6 12. Qd2 Kh7 13. Ng1 b6 14. Nce2 Bb7 15. c3
e5 16. Be3 d5 17. exd5 Nxd5 18. Nf3 Qd7 19. Qc2 Rbd8 20. Rfd1 f5 21. Bd2 Qe7
22. Bc1 Qe6 23. b4 cxb4 24. cxb4 Rc8 25. Qb3 Nce7 26. Neg1 g5 27. Bd2 g4 28.
Nh4 Bf6 29. Re1 Bg5 30. f4 gxf3 31. Nhxf3 Bxd2 32. Nxd2 Rc3 33. Qb2 Rfc8 34.
Ndf3 Ng6 35. Nh3 Qd6 36. Rbc1 Rxc1 37. Rxc1 Qxb4 38. Qa1 Rxc1+ 39. Qxc1 Qxa4
40. Nxe5 Nxe5 0-1

[Event "XV Festival A"]
[Site "Porto San Giorgio ITA"]
[Date "2003.08.22"]
[Round "2"]
[White "Bighiu, Gheorghe"]
[Black "Aleksic, Nenad"]
[Result "1/2-1/2"]
[WhiteElo "2126"]
[BlackElo "2292"]
[PlyCount "46"]
[EventDate "2003.08.21"]

1. h3 c5 2. c3 e6 3. d4 Nf6 4. Nf3 Qc7 5. e3 b6 6. Bd3 Bb7 7. Nbd2 Be7 8. O-O
O-O 9. e4 d6 10. Re1 Nbd7 11. Qe2 Rfd8 12. Nf1 Nf8 13. Bg5 Ng6 14. Nh4 Nxh4 15.
Bxh4 Rac8 16. Nd2 Ne8 17. Bxe7 Qxe7 18. Rac1 Nf6 19. Ba6 Qc7 20. Bxb7 Qxb7 21.
Nf3 cxd4 22. Nxd4 h6 23. Rcd1 a6 1/2-1/2

[Event "XV Festival A"]
[Site "Porto San Giorgio ITA"]
[Date "2003.08.22"]
[Round "2"]
[White "Campo, Renato"]
[Black "Ortega, Lexy"]
[Result "0-1"]
[WhiteElo "2142"]
[BlackElo "2437"]
[PlyCount "72"]
[EventDate "2003.08.21"]

1. d4 Nf6 2. Nc3 d5 3. Bg5 c5 4. e3 Nc6 5. Bxf6 gxf6 6. Nf3 cxd4 7. exd4 Bg4 8.
Be2 e6 9. Qd3 a6 10. Nh4 f5 11. g3 Bg7 12. h3 Bxe2 13. Nxe2 Qb6 14. c3 Qxb2 15.
O-O Qa3 16. Nf4 O-O 17. Qf3 Ne7 18. g4 fxg4 19. Qxg4 Qxc3 20. Rad1 Ng6 21. Rd3
Qc4 22. Rfd1 Qc7 23. Nhxg6 hxg6 24. h4 Bh6 25. Nh3 Kh7 26. Ng5+ Bxg5 27. hxg5
Rh8 28. Rh3+ Kg7 29. Rh6 Rxh6 30. gxh6+ Kxh6 31. Rd3 Kg7 32. Qg5 Rh8 33. Rf3
Rh5 34. Qf6+ Kg8 35. Rg3 Qc1+ 36. Kg2 Qh1# 0-1

[Event "XV Festival A"]
[Site "Porto San Giorgio ITA"]
[Date "2003.08.22"]
[Round "2"]
[White "Chatalbashev, Boris"]
[Black "Unterfrauner, Albert"]
[Result "1-0"]
[WhiteElo "2509"]
[BlackElo "2188"]
[PlyCount "51"]
[EventDate "2003.08.21"]

1. d4 Nf6 2. Nf3 d5 3. c4 e6 4. Nc3 Be7 5. Bg5 c6 6. e3 Nbd7 7. Qc2 O-O 8.
O-O-O Ne8 9. h4 h6 10. Bxe7 Qxe7 11. g4 g6 12. Kb1 Kg7 13. e4 dxe4 14. Nxe4
Nef6 15. g5 Nxe4 16. gxh6+ Kxh6 17. Qxe4 Nf6 18. Qe3+ Kg7 19. Qe5 Rh8 20. h5
Rh6 21. Bd3 Bd7 22. hxg6 Rah8 23. Rxh6 Rxh6 24. gxf7 Kxf7 25. Qg5 Ng8 26. Ne5+
1-0

[Event "XV Festival A"]
[Site "Porto San Giorgio ITA"]
[Date "2003.08.22"]
[Round "2"]
[White "Cocchi, Andrea"]
[Black "Delchev, Aleksander"]
[Result "0-1"]
[WhiteElo "2292"]
[BlackElo "2572"]
[PlyCount "56"]
[EventDate "2003.08.21"]

1. Nf3 d5 2. b3 Bg4 3. e3 Nd7 4. Bb2 c6 5. Be2 Qc7 6. c4 dxc4 7. bxc4 e5 8. Nc3
Ngf6 9. Qc2 Bd6 10. Nh4 Bxe2 11. Nxe2 g6 12. d3 O-O 13. Nf3 Rfe8 14. Nc3 b5 15.
Nd2 Rab8 16. h3 Bf8 17. O-O Bg7 18. Rac1 b4 19. Nce4 Nxe4 20. Nxe4 f5 21. Ng3
Qb6 22. d4 b3 23. axb3 Qxb3 24. Ba1 f4 25. exf4 Qxc2 26. Rxc2 exd4 27. c5 Rb5
28. Rd2 Nxc5 0-1

[Event "XV Festival A"]
[Site "Porto San Giorgio ITA"]
[Date "2003.08.22"]
[Round "2"]
[White "Coqueraut, Jean Dominique"]
[Black "Mrdja, Milan"]
[Result "0-1"]
[WhiteElo "1765"]
[BlackElo "2384"]
[PlyCount "50"]
[EventDate "2003.08.21"]

1. d4 c5 2. d5 e6 3. c4 exd5 4. cxd5 d6 5. Nc3 g6 6. e4 Bg7 7. Nf3 Nf6 8. Bd3
O-O 9. O-O Bg4 10. h3 Bxf3 11. Qxf3 Nbd7 12. Be3 a6 13. a4 Ne5 14. Qe2 Nxd3 15.
Qxd3 Nd7 16. f4 Re8 17. g4 Rc8 18. Rfe1 c4 19. Qc2 Qa5 20. Bf2 Nc5 21. Re2 Nd3
22. Nd1 Nxf4 23. Re3 Nd3 24. Rxd3 cxd3 25. Qxd3 Qb4 0-1

[Event "XV Festival A"]
[Site "Porto San Giorgio ITA"]
[Date "2003.08.22"]
[Round "2"]
[White "Delizia, Costantino"]
[Black "Casella, Fulvio"]
[Result "1-0"]
[WhiteElo "2219"]
[BlackElo "1770"]
[PlyCount "91"]
[EventDate "2003.08.21"]

1. e4 e5 2. Nf3 Nc6 3. Bb5 a6 4. Ba4 Nf6 5. O-O b5 6. Bb3 Be7 7. c3 O-O 8. Re1
d5 9. exd5 Nxd5 10. Nxe5 Nxe5 11. Rxe5 Bb7 12. d4 Bd6 13. Rxd5 Bxd5 14. Bxd5
Bxh2+ 15. Kxh2 Qxd5 16. Be3 Kh8 17. Nd2 f5 18. Bf4 Qf7 19. Nf3 Qh5+ 20. Kg1 Qg4
21. Bxc7 f4 22. Nh2 Qd7 23. Be5 Kg8 24. Qg4 Qxg4 25. Nxg4 h5 26. Nh2 g5 27. Nf3
Rf5 28. a4 Rc8 29. axb5 axb5 30. Bd6 Kf7 31. Ne5+ Ke6 32. Ra6 Kd5 33. f3 Rf6
34. Rb6 Rxd6 35. Rxb5+ Ke6 36. Nd3 Rd5 37. Nc5+ Kd6 38. Ne4+ Kc6 39. Rxd5 Kxd5
40. Nxg5 h4 41. Kh2 Rg8 42. Ne4 Kc4 43. d5 Rb8 44. d6 Rxb2 45. d7 Rb8 46. Nd6+
1-0

[Event "XV Festival A"]
[Site "Porto San Giorgio ITA"]
[Date "2003.08.22"]
[Round "2"]
[White "Efimov, Igor"]
[Black "Capuano, Eugenio"]
[Result "1-0"]
[WhiteElo "2479"]
[BlackElo "2143"]
[PlyCount "73"]
[EventDate "2003.08.21"]

1. d4 d5 2. c4 c6 3. e3 Nf6 4. Nf3 a6 5. Qc2 g6 6. Nbd2 Bg7 7. Bd3 O-O 8. b3 c5
9. Bb2 cxd4 10. exd4 b6 11. O-O Bb7 12. Rfe1 Nc6 13. a3 Rc8 14. c5 bxc5 15.
dxc5 Nd7 16. Bxg7 Kxg7 17. Qb2+ Kg8 18. b4 e5 19. Rad1 Qf6 20. Bf1 e4 21. Qxf6
Nxf6 22. Ng5 Rcd8 23. f3 h6 24. Nh3 Nd4 25. fxe4 Nc2 26. e5 Nxe1 27. Rxe1 Ne4
28. Nb3 Rde8 29. Nf4 Rxe5 30. Na5 Bc8 31. Nc6 Ree8 32. Nxd5 f5 33. Nc7 Kg7 34.
Nxe8+ Rxe8 35. Nb8 Rd8 36. Bxa6 Be6 37. Nc6 1-0

[Event "XV Festival A"]
[Site "Porto San Giorgio ITA"]
[Date "2003.08.22"]
[Round "2"]
[White "Faraoni, Enrico"]
[Black "Tischbierek, Raj"]
[Result "0-1"]
[WhiteElo "2182"]
[BlackElo "2522"]
[PlyCount "40"]
[EventDate "2003.08.21"]

1. e4 c5 2. Nf3 Nc6 3. d4 cxd4 4. Nxd4 Nf6 5. Nc3 d6 6. Be2 e5 7. Nb3 Be7 8.
Bg5 O-O 9. Qd2 a5 10. a4 Be6 11. Rd1 Nb4 12. O-O Rc8 13. Bxf6 gxf6 14. Qh6 Kh8
15. Bd3 Rg8 16. Qe3 Rc6 17. Bb5 Nxc2 18. Qc1 Bxb3 19. Bxc6 bxc6 20. Rd3 Nd4 0-1

[Event "XV Festival A"]
[Site "Porto San Giorgio ITA"]
[Date "2003.08.22"]
[Round "2"]
[White "Georgiev, Vladimir"]
[Black "Esposito, Luca"]
[Result "1-0"]
[WhiteElo "2566"]
[BlackElo "2202"]
[PlyCount "49"]
[EventDate "2003.08.21"]

1. c4 e5 2. g3 d6 3. Bg2 g6 4. d4 Bg7 5. dxe5 dxe5 6. Qxd8+ Kxd8 7. Nc3 c6 8.
f4 Be6 9. Nf3 Nd7 10. fxe5 Nxe5 11. c5 Nxf3+ 12. Bxf3 Nf6 13. Bf4 Nd5 14. Nxd5
cxd5 15. O-O-O Rc8 16. b4 Kd7 17. Bxd5 Bxd5 18. Rxd5+ Kc6 19. Rhd1 Kb5 20. a3
Ka4 21. Rd7 b6 22. Rxa7+ Kb3 23. Rd3+ Ka2 24. Bd6 Rhe8 25. Kd1 1-0

[Event "XV Festival A"]
[Site "Porto San Giorgio ITA"]
[Date "2003.08.22"]
[Round "2"]
[White "Jones, Gawain C.B."]
[Black "Di Michele, Rocco"]
[Result "1/2-1/2"]
[WhiteElo "2347"]
[BlackElo "1741"]
[PlyCount "158"]
[EventDate "2003.08.21"]

1. e4 c6 2. d4 d5 3. e5 Bf5 4. Be3 e6 5. Nd2 Nd7 6. c3 f6 7. f4 Nh6 8. Ngf3 Be7
9. Be2 O-O 10. exf6 Nxf6 11. Ne5 Ne4 12. Bf3 Nxd2 13. Qxd2 Bd6 14. O-O Nf7 15.
g4 Be4 16. Bxe4 dxe4 17. Qc2 Bxe5 18. dxe5 Qh4 19. Qg2 h5 20. g5 Qg4 21. Qxg4
hxg4 22. Kg2 Rad8 23. Rad1 b6 24. b4 Kh7 25. Rd4 Kg6 26. Rxe4 Rd3 27. Bd4 Rd2+
28. Rf2 Rxf2+ 29. Bxf2 Rd8 30. Rc4 Kf5 31. Rxc6 Kxf4 32. Rxe6 Nxg5 33. Rd6 Re8
34. Bg3+ Kf5 35. Rd7 Ne4 36. Rxg7 Nxg3 37. hxg3 a5 38. Rf7+ Kxe5 39. bxa5 bxa5
40. Ra7 Kd6 41. Ra6+ Kd7 42. Rxa5 Re2+ 43. Kf1 Re3 44. Kf2 Rf3+ 45. Kg2 Rxc3
46. Ra6 Rc2+ 47. Kf1 Ke7 48. a4 Ra2 49. a5 Kd7 50. Ra8 Ke7 51. a6 Kf7 52. Ke1
Kg7 53. Kd1 Ra3 54. a7 Ra2 55. Kc1 Kh7 56. Kb1 Ra6 57. Kb2 Kg7 58. Kb3 Ra1 59.
Kb4 Rb1+ 60. Kc5 Ra1 61. Kd5 Ra5+ 62. Ke6 Ra6+ 63. Kf5 Ra4 64. Kg5 Kh7 65. Kf6
Ra6+ 66. Kf7 Ra1 67. Kf6 Ra6+ 68. Kg5 Ra4 69. Re8 Rxa7 70. Kxg4 Rg7+ 71. Kh4
Ra7 72. Re6 Ra5 73. Kg4 Kg7 74. Kf4 Rb5 75. g4 Ra5 76. Rc6 Rb5 77. Kg3 Ra5 78.
Kh4 Rb5 79. g5 Rb1 1/2-1/2

[Event "XV Festival A"]
[Site "Porto San Giorgio ITA"]
[Date "2003.08.22"]
[Round "2"]
[White "Laketic, Gojko"]
[Black "Ferri, Stefano"]
[Result "1/2-1/2"]
[WhiteElo "2393"]
[BlackElo "2069"]
[PlyCount "37"]
[EventDate "2003.08.21"]

1. e4 c6 2. c4 d5 3. exd5 cxd5 4. d4 Nf6 5. Nc3 e6 6. Nf3 Be7 7. cxd5 Nxd5 8.
Bd3 Nc6 9. O-O O-O 10. Re1 Bf6 11. Be4 Nce7 12. Ne5 b6 13. Ng4 Bb7 14. Nxf6+
gxf6 15. Nxd5 Bxd5 16. Bh6 Re8 17. Qh5 Bxe4 18. Rxe4 Qd5 19. Qxd5 1/2-1/2

[Event "XV Festival A"]
[Site "Porto San Giorgio ITA"]
[Date "2003.08.22"]
[Round "2"]
[White "Lubbers, Johan"]
[Black "Cioara, Andrei Nestor"]
[Result "0-1"]
[WhiteElo "2129"]
[BlackElo "2394"]
[PlyCount "62"]
[EventDate "2003.08.21"]

1. d4 Nf6 2. c4 e6 3. Nf3 c5 4. d5 d6 5. Nc3 exd5 6. cxd5 g6 7. g3 Bg7 8. Bg2
O-O 9. O-O a6 10. a4 Nbd7 11. Nd2 b6 12. e4 Rb8 13. Nc4 Qc7 14. f4 b5 15. axb5
axb5 16. Nxd6 Qxd6 17. e5 Qb6 18. exf6 c4+ 19. Kh1 Nxf6 20. h3 Bb7 21. Qc2 Rfd8
22. Rd1 Rbc8 23. Qe2 Re8 24. Qc2 Rcd8 25. f5 b4 26. Na4 Qb5 27. fxg6 hxg6 28.
d6 Ne4 29. Kh2 b3 30. Qb1 Nxd6 31. Bg5 Qxg5 0-1

[Event "XV Festival A"]
[Site "Porto San Giorgio ITA"]
[Date "2003.08.22"]
[Round "2"]
[White "Mastrorilli, Nicola"]
[Black "Sebastianelli, Dario"]
[Result "0-1"]
[WhiteElo "1896"]
[BlackElo "2239"]
[PlyCount "86"]
[EventDate "2003.08.21"]

1. c4 g6 2. g3 Bg7 3. Bg2 d6 4. Nf3 e5 5. Nc3 Nc6 6. O-O Nge7 7. d3 O-O 8. a3
h6 9. Rb1 Be6 10. b4 Qd7 11. b5 Nd8 12. e4 f5 13. Nd5 Nc8 14. exf5 gxf5 15. Nh4
c6 16. bxc6 bxc6 17. Nb4 Ne7 18. f4 Nf7 19. fxe5 dxe5 20. Na6 Qd4+ 21. Kh1 Rad8
22. Bb2 Qd6 23. c5 Qxd3 24. Qxd3 Rxd3 25. Nb4 Rb3 26. Rf3 Rxf3 27. Bxf3 Rb8 28.
Re1 a5 29. Nd3 e4 30. Bxg7 Kxg7 31. Nf4 Bd5 32. Bg2 Ne5 33. g4 Nxg4 34. h3 Nf6
35. Kg1 Rb3 36. a4 Rb4 37. Kf2 Rxa4 38. Rb1 Rb4 39. Rxb4 axb4 40. Ke3 Bf7 41.
Kd4 Nfd5 42. Nxd5 Bxd5 43. Bf1 Kf6 0-1

[Event "XV Festival A"]
[Site "Porto San Giorgio ITA"]
[Date "2003.08.22"]
[Round "2"]
[White "Orlov, Andrey"]
[Black "Cerquitella, Luca"]
[Result "1-0"]
[WhiteElo "2391"]
[BlackElo "2125"]
[PlyCount "53"]
[EventDate "2003.08.21"]

1. e4 e5 2. Nf3 Nc6 3. Bc4 Bc5 4. c3 Nf6 5. d4 exd4 6. e5 d5 7. Bb5 Ne4 8. cxd4
Bb4+ 9. Bd2 Nxd2 10. Nbxd2 Bd7 11. O-O O-O 12. Bxc6 Bxc6 13. a3 Be7 14. Re1 Qd7
15. Rc1 Qf5 16. Nb3 a5 17. Qd2 g5 18. h3 h5 19. Nxa5 Bb5 20. Nxb7 Rfc8 21. Nc5
Kg7 22. Qc2 Qf4 23. g3 Qxf3 24. Re3 Qxe3 25. fxe3 Rab8 26. Qf5 Bc4 27. b3 1-0

[Event "XV Festival A"]
[Site "Porto San Giorgio ITA"]
[Date "2003.08.22"]
[Round "2"]
[White "Rinaudo, Sergio"]
[Black "Djingarova, Emilia"]
[Result "0-1"]
[WhiteElo "1846"]
[BlackElo "2300"]
[PlyCount "74"]
[EventDate "2003.08.21"]

1. d4 Nf6 2. Nf3 g6 3. Nbd2 Bg7 4. e4 d6 5. Bd3 O-O 6. O-O c6 7. c3 Nbd7 8. Re1
e5 9. dxe5 dxe5 10. Qc2 Qc7 11. b4 Nh5 12. g3 Re8 13. a4 Nf8 14. Bc4 Be6 15.
Qb3 Rad8 16. Bxe6 Nxe6 17. Nc4 Rd3 18. Re3 Red8 19. Qc2 Rd1+ 20. Re1 Rxe1+ 21.
Nxe1 c5 22. b5 Qd7 23. Be3 Nef4 24. Ng2 Nh3+ 25. Kf1 Qg4 26. Nd2 b6 27. Qd1 Qe6
28. Qe2 Nf6 29. a5 Ng4 30. axb6 Nxh2+ 31. Ke1 axb6 32. Qc4 Nf3+ 33. Ke2 Rxd2+
34. Kxf3 Qxc4 35. Ra8+ Bf8 36. Bxd2 Ng1+ 37. Kg4 Qe6+ 0-1

[Event "XV Festival A"]
[Site "Porto San Giorgio ITA"]
[Date "2003.08.22"]
[Round "2"]
[White "Roeder, Matthias"]
[Black "Cristiani, Cesare"]
[Result "1-0"]
[WhiteElo "2451"]
[BlackElo "2137"]
[PlyCount "71"]
[EventDate "2003.08.21"]

1. d4 Nf6 2. c4 c5 3. d5 e6 4. Nf3 exd5 5. cxd5 d6 6. Nc3 g6 7. Bf4 a6 8. a4
Bg7 9. e4 O-O 10. Be2 Re8 11. Nd2 Qc7 12. Qc2 Nbd7 13. Nc4 Bf8 14. O-O b6 15.
Bg3 Rb8 16. Ne3 Ne5 17. h3 Bh6 18. f4 Nh5 19. Bxh5 gxh5 20. Qe2 h4 21. Bxh4 Ng6
22. Bg3 Bg7 23. f5 Ne5 24. f6 Bh6 25. Rae1 Bxe3+ 26. Qxe3 Kh8 27. Rf4 Ng6 28.
Rf3 b5 29. e5 dxe5 30. Qh6 Rg8 31. Ne4 Rb7 32. Ng5 Nf8 33. Rxe5 Qd8 34. Re7
Qxd5 35. Be5 c4 36. Re8 1-0